Historia gráfica de la Revolución Mexicana : 1900-1940 : tomo 5 : cuadernos 21-25 /
El Archivo Casasola, fundamental para la historia mexicana del siglo XX, inició cuando su fundador, Agustín Víctor Casasola, sintió la necesidad de ilustrar los reportajes que hacía. Con los años ello le permitió publicar la primera edición de esta obra, que en sus ediciones posteriores aparece bajo...
Đã lưu trong:
| Tác giả chính: | |
|---|---|
| Tác giả khác: | |
| Định dạng: | Sách |
| Ngôn ngữ: | Tiếng Tây Ban Nha |
| Được phát hành: |
México :
Archivo Casasola,
|
| Những chủ đề: | |
| Các nhãn: |
Không có thẻ, Là người đầu tiên thẻ bản ghi này!
|
MARC
| LEADER | 00000nam^a2200000^a^4500 | ||
|---|---|---|---|
| 001 | 000584408 | ||
| 005 | 20250526000000.0 | ||
| 009 | 20260310132709.009 | ||
| 037 | |a Acervo Xavier Clavigero | ||
| 041 | |a ESP | ||
| 091 | |a FPA. 05465 | ||
| 100 | |a Casasola, Agustín Víctor |e (fotógrafo) | ||
| 240 | 1 | 1 | |a [Historia gráfica de la Revolución Mexicana] |
| 245 | 1 | 0 | |a Historia gráfica de la Revolución Mexicana : |b 1900-1940 : tomo 5 : cuadernos 21-25 / |c A.V. Casasola ; dir. de G. Casasola. |
| 264 | 4 | |a México : |b Archivo Casasola, | |
| 300 | |a p. 1921-2402 ; |c 28.0 cm. | ||
| 336 | |a texto |b txt |2 rdacontenido | ||
| 337 | |a sin mediación |b n |2 rdamedio | ||
| 338 | |a volumen |b nc |2 rdasoporte | ||
| 520 | |a El Archivo Casasola, fundamental para la historia mexicana del siglo XX, inició cuando su fundador, Agustín Víctor Casasola, sintió la necesidad de ilustrar los reportajes que hacía. Con los años ello le permitió publicar la primera edición de esta obra, que en sus ediciones posteriores aparece bajo la autoría de su hijo y que, en esta colección, cubre hasta el segundo cuarto del siglo XX. | ||
| 649 | |a XX | ||
| 650 | |a Fotografía Mexicana | ||
| 650 | |a Fotoperiodismo - |z México - |x Tema Principal | ||
| 650 | |a Periodismo - |z México - |x Historia |y Siglo XX | ||
| 650 | |a Comunicación Escrita - |z México | ||
| 650 | |a Comunicación Visual - |z México | ||
| 650 | |a Política - |z México - |x Historia - |y Siglo XX | ||
| 650 | |a México - |x Historia - |y Revolución, 1910-1917 - |x Tema Principal | ||
| 650 | |a México - |x Historia - |y 1910-1946 | ||
| 650 | |a México - |x Historia - |y Siglo XX - |x Tema Principal | ||
| 700 | |a Casasola, Gustavo |e (dirección) | ||
| 910 | |a Fondo José Ignacio Palencia Gómez S.J. | ||
| 920 | |a Impresos - Libros | ||
| 930 | |a Libros Antiguos y Raros | ||
| 905 | |a 108 | ||
| 901 | |a 0500358503 |b IT2 |c LRA |i D |u 20250526 | ||
| 902 | |a https://opac.biblio.iteso.mx/vufind/Record/000584408 | ||